000 00801nam a22002777a 4500
008 130901b xxu||||| |||| 00| 0 eng d
020 _a0-13-684895-8
024 _cAvailable
037 _cAvailable
040 _aMBSTU LIBRARY
_dMBSTU LIBRARY
082 _222
_a363.7 BUE
100 _aBuchhol, Z.
110 _aA Rogene.
245 _aPrinciples of environmental management.
250 _a2nd
260 _aNew Jersey.
_bPrentice Hall.
_c1998
300 _a23 cm.
_b448 page
_f1
_g23 cm.
600 _2Environmental problems.
650 _2Environmental problems.
700 _aBuchhol, Z.
710 _aA Rogene.
270 _aNew Jersey
_bNew Jersey
_dIndia
365 _b8520.00
_d8520.00
942 _2ddc
_cBK
999 _c640
_d640